[Event "Integracyjny Turniej FIANCHETTO"]
[Site "Jastrzebia Gora"]
[Date "2013.??.??"]
[Round "1.1"]
[White "Korycki, Jozef"]
[Black "Kiedrowicz, Jan"]
[Result "0-1"]
[WhiteElo "1716"]
[BlackElo "2312"]
[PlyCount "39"]
[EventDate "2013.??.??"]

1. e4 g6 2. Nf3 Bg7 3. d4 c5 4. c3 Qc7 5. Be2 d6 6. h3 Nf6 7. Nbd2 O-O 8. O-O
e6 9. Re1 cxd4 10. cxd4 Nc6 11. Bf1 Nb4 12. Bc4 d5 13. exd5 exd5 14. Bb3 Bf5
15. Ne5 Bc2 16. Qf3 Bxb3 17. Nxb3 Nc2 18. Bg5 Nxe1 19. Rxe1 Ne4 20. Bf4 {
(...41)} 0-1

[Event "Integracyjny Turniej FIANCHETTO"]
[Site "Jastrzebia Gora"]
[Date "2013.??.??"]
[Round "1.2"]
[White "Kaukiel, Piotr"]
[Black "Krawczyk, Zbigniew"]
[Result "1-0"]
[WhiteElo "2211"]
[BlackElo "1683"]
[PlyCount "35"]
[EventDate "2013.??.??"]

1. Nf3 Nf6 2. g3 g6 3. b4 Bg7 4. Bb2 O-O 5. c4 d6 6. d3 e5 7. Nbd2 Nc6 8. b5
Ne7 9. c5 a6 10. a4 axb5 11. axb5 Bd7 12. b6 dxc5 13. bxc7 Qxc7 14. Bxe5 Qc8
15. Bg2 Rxa1 16. Qxa1 Qa8 17. Qb2 b5 18. Bxf6 1-0

[Event "Integracyjny Turniej FIANCHETTO"]
[Site "Jastrzebia Gora"]
[Date "2013.??.??"]
[Round "1.3"]
[White "Chmielowski, Stefan"]
[Black "Bakalarz, Leszek"]
[Result "0-1"]
[WhiteElo "1678"]
[BlackElo "2148"]
[PlyCount "46"]
[EventDate "2013.??.??"]

1. e4 c5 2. Nf3 d6 3. Bc4 Nc6 4. c3 Nf6 5. d3 a6 6. Bg5 e6 7. Nbd2 Be7 8. O-O
O-O 9. h3 d5 10. exd5 exd5 11. Bb3 h6 12. Bf4 Bf5 13. Bc2 Bd6 14. Bxd6 Qxd6 15.
d4 Bxc2 16. Qxc2 cxd4 17. cxd4 Rac8 18. Qd3 Nb4 19. Qb3 Ne4 20. a3 Nxd2 21.
Nxd2 Nc2 22. Rac1 Nxd4 23. Qxb7 Ne2+ 0-1

[Event "Integracyjny Turniej FIANCHETTO"]
[Site "Jastrzebia Gora"]
[Date "2013.??.??"]
[Round "1.4"]
[White "Pioch, Zygmunt"]
[Black "Wojtowicz, Mieczyslaw"]
[Result "1-0"]
[WhiteElo "2086"]
[BlackElo "1675"]
[PlyCount "61"]
[EventDate "2013.??.??"]

1. e4 e5 2. Nf3 Nc6 3. Bb5 d6 4. d4 exd4 5. Nxd4 Bd7 6. Nc3 Nf6 7. O-O Be7 8.
Bxc6 bxc6 9. h3 O-O 10. Qf3 Re8 11. Nf5 Bf8 12. Bg5 Bxf5 13. exf5 Re5 14. g4
Qd7 15. Bxf6 gxf6 16. Ne4 Qe7 17. Ng3 d5 18. Nh5 Re8 19. Qc3 Qd6 20. f4 Qc5+
21. Qxc5 Bxc5+ 22. Kh1 Re3 23. Nxf6+ Kf8 24. Nxe8 Kxe8 25. Rfe1 d4 26. Kg2 Kd7
27. Rad1 Rxe1 28. Rxe1 Bd6 29. Kf3 c5 30. b3 f6 31. Re6 1-0

[Event "Integracyjny Turniej FIANCHETTO"]
[Site "Jastrzebia Gora"]
[Date "2013.??.??"]
[Round "1.5"]
[White "Borkowski, Jozef"]
[Black "Wojcieszyn, Zdzislaw"]
[Result "0-1"]
[WhiteElo "1673"]
[BlackElo "2005"]
[PlyCount "80"]
[EventDate "2013.??.??"]

1. e4 c5 2. Nf3 Nc6 3. d4 cxd4 4. Nxd4 Nf6 5. f3 Qb6 6. c3 d6 7. Bb5 g6 8. O-O
e5 9. Be3 exd4 10. Bxc6+ Qxc6 11. cxd4 Bg7 12. d5 Qb5 13. Qd2 O-O 14. Nc3 Qa5
15. a3 Bd7 16. b4 Qa6 17. a4 Qc4 18. Rab1 Ng4 19. Ne2 Nxe3 20. Qxe3 Bxa4 21.
Rfc1 Qa6 22. Nc3 Bd7 23. b5 Qb6 24. Qxb6 axb6 25. Ne2 Rfc8 26. f4 Rxc1+ 27.
Rxc1 Bxb5 28. Ng3 Bd4+ 29. Kh1 h5 30. h4 Bf6 31. Rb1 Bxh4 32. Kh2 Bd3 33. Rxb6
Bxg3+ 34. Kxg3 Bxe4 35. Rxd6 Ra2 36. Rd8+ Kg7 37. d6 Rxg2+ 38. Kh3 Rd2 39. Kg3
Kf6 40. Re8 Bc6 0-1

[Event "Integracyjny Turniej FIANCHETTO"]
[Site "Jastrzebia Gora"]
[Date "2013.??.??"]
[Round "1.6"]
[White "Szczepaniec, Stanislaw"]
[Black "Radwan, Jan"]
[Result "1-0"]
[WhiteElo "1987"]
[BlackElo "1651"]
[PlyCount "57"]
[EventDate "2013.??.??"]

1. c4 e5 2. Nc3 Nf6 3. Nf3 d6 4. d4 exd4 5. Nxd4 c5 6. Nc2 Nc6 7. g3 Ne5 8. b3
Be7 9. Bg2 O-O 10. O-O h6 11. Ne3 Re8 12. Bb2 Bf8 13. Ncd5 Nh7 14. h3 Rb8 15.
a4 Bd7 16. Qd2 b6 17. f4 Nc6 18. Kh2 Na5 19. Qd3 f5 20. Rae1 Qc8 21. g4 fxg4
22. Be4 Rxe4 23. Qxe4 gxh3 24. Ne7+ Bxe7 25. Qxe7 Nf6 26. Bxf6 Qf8 27. Rg1 Qxe7
28. Bxe7 Kf7 29. Bxd6 {(...53)} 1-0

[Event "Integracyjny Turniej FIANCHETTO"]
[Site "Jastrzebia Gora"]
[Date "2013.??.??"]
[Round "1.7"]
[White "Piasecki, Stanislaw"]
[Black "Krawcewicz, Lucyna"]
[Result "0-1"]
[WhiteElo "1648"]
[BlackElo "1935"]
[PlyCount "106"]
[EventDate "2013.??.??"]

1. d4 d5 2. c4 e6 3. Nc3 Nf6 4. Bg5 h6 5. Bh4 Be7 6. e3 O-O 7. Bd3 Nbd7 8. Nge2
c5 9. O-O a6 10. a4 cxd4 11. exd4 dxc4 12. Bxc4 Nb6 13. Bb3 Bd7 14. Rc1 Bc6 15.
f3 Qd7 16. a5 Nbd5 17. Bf2 Bb4 18. Ra1 Qd8 19. Bxd5 Nxd5 20. Nxd5 exd5 21. Be1
Bd6 22. Qd2 Re8 23. Bf2 Bb5 24. Rfe1 Qc7 25. Bg3 Bxg3 26. Nxg3 Rxe1+ 27. Rxe1
Rc8 28. Nh5 Qc2 29. Qf4 Qg6 30. g4 Kf8 31. Qd2 Qg5 32. Qf2 Ba4 33. h4 Qd8 34.
Qd2 Qd6 35. Rc1 Bc6 36. Qf4 Qe7 37. Kg2 Qxh4 38. Qf5 Re8 39. Ng3 Qg5 40. Qxg5
hxg5 41. Kf2 g6 42. Ne2 Kg7 43. Nc3 Rh8 44. Kg3 Re8 45. Kf2 f5 46. Re1 Rxe1 47.
Kxe1 fxg4 48. fxg4 Kf6 49. Kf2 Ke6 50. b4 Kd6 51. Nb1 Kc7 52. Nd2 Bd7 53. Kg3
Kc6 0-1

[Event "Integracyjny Turniej FIANCHETTO"]
[Site "Jastrzebia Gora"]
[Date "2013.??.??"]
[Round "1.9"]
[White "Jasinska-kuzia, Lidia"]
[Black "Winiarski, Kazimierz"]
[Result "0-1"]
[WhiteElo "1605"]
[BlackElo "1908"]
[PlyCount "88"]
[EventDate "2013.??.??"]

1. e4 c5 2. Nf3 d6 3. d4 cxd4 4. Nxd4 Nf6 5. Bd3 a6 6. b3 e5 7. Ne2 Be7 8. Bb2
O-O 9. O-O Nc6 10. Kh1 Bg4 11. f3 Be6 12. Nd2 d5 13. exd5 Nxd5 14. Re1 Ne3 15.
Qb1 f5 16. Nf1 Bc5 17. Nxe3 Bxe3 18. Ng3 Bf4 19. Nf1 Qc7 20. Bc1 Bxc1 21. Qxc1
f4 22. Be4 Rad8 23. Bxc6 bxc6 24. Qb2 Rd4 25. Rad1 Rfd8 26. Rxd4 Rxd4 27. c4
Qd6 28. Qe2 Bf5 29. Qxe5 Qxe5 30. Rxe5 Rd1 31. h3 Rxf1+ 32. Kh2 Bd7 33. Ra5 Bc8
34. Rc5 Bb7 35. Rf5 Ra1 36. Rxf4 Rxa2 37. c5 Rd2 38. Rb4 Rd7 39. Kg3 Kf7 40.
Kf4 Re7 41. Rd4 Bc8 42. b4 Be6 43. Kg5 Bd5 44. Kf5 Re2 0-1

[Event "Integracyjny Turniej FIANCHETTO"]
[Site "Jastrzebia Gora"]
[Date "2013.??.??"]
[Round "1.10"]
[White "Karolak, Jan"]
[Black "Zatylny, Jan"]
[Result "1/2-1/2"]
[WhiteElo "1905"]
[BlackElo "1583"]
[PlyCount "25"]
[EventDate "2013.??.??"]

1. Nf3 Nc6 2. g3 e6 3. Bg2 Nf6 4. d3 Be7 5. O-O O-O 6. e4 h6 7. c3 Nh7 8. d4
Bg5 9. Nxg5 Nxg5 10. h4 Nh7 11. e5 f5 12. f4 Qe7 13. Bf3 {(...58)} 1/2-1/2

[Event "Integracyjny Turniej FIANCHETTO"]
[Site "Jastrzebia Gora"]
[Date "2013.??.??"]
[Round "1.12"]
[White "Relidzynski, Tadeusz"]
[Black "Woda, Janusz"]
[Result "0-1"]
[WhiteElo "1875"]
[BlackElo "1554"]
[PlyCount "100"]
[EventDate "2013.??.??"]

1. e4 c5 2. Nf3 d6 3. d4 cxd4 4. Nxd4 Nf6 5. Nc3 g6 6. Be2 Bg7 7. Be3 Nc6 8.
Qd2 O-O 9. O-O-O Ng4 10. Bxg4 Bxg4 11. f3 Bd7 12. g4 Qa5 13. Kb1 a6 14. h4 Bxd4
15. Bxd4 Ne5 16. Nd5 Qxd2 17. Nxe7+ Kg7 18. Rxd2 f6 19. Rf2 Kf7 20. Nd5 Bc6 21.
h5 Bxd5 22. hxg6+ Kxg6 23. exd5 Rf7 24. Rh3 h6 25. Be3 Rh7 26. Rfh2 Nf7 27. f4
Re8 28. Kc1 Re4 29. Kd2 Rb4 30. b3 Re4 31. Kd3 Re8 32. c4 Reh8 33. a4 f5 34.
gxf5+ Kxf5 35. Rh5+ Kg6 36. f5+ Kf6 37. Bd4+ Ne5+ 38. Ke4 Re8 39. Rxh6+ Rxh6
40. Rxh6+ Kg5 41. Re6 Rh8 42. Bxe5 Rh4+ 43. Kd3 dxe5 44. Rxe5 Kf6 45. Re6+ Kxf5
46. a5 Rh3+ 47. Kc2 Rg3 48. Kb2 Rd3 49. Ka3 Rd1 50. Re7 Kf6 0-1

[Event "Integracyjny Turniej FIANCHETTO"]
[Site "Jastrzebia Gora"]
[Date "2013.??.??"]
[Round "1.13"]
[White "Grobelna, Ewa"]
[Black "Wroblewski, Mieczyslaw"]
[Result "0-1"]
[WhiteElo "1541"]
[BlackElo "1825"]
[PlyCount "34"]
[EventDate "2013.??.??"]

1. d4 Nf6 2. Nc3 d5 3. Nf3 e6 4. a3 c5 5. e3 Nc6 6. h3 Bd6 7. Be2 O-O 8. O-O b6
9. Bb5 Ne7 10. Be2 Ng6 11. Bd3 Ne7 12. e4 Nxe4 13. Nxe4 dxe4 14. Bxe4 Rb8 15.
Bg5 f6 16. Be3 f5 17. Bd3 17... f4 {(...52)} 0-1

[Event "Integracyjny Turniej FIANCHETTO"]
[Site "Jastrzebia Gora"]
[Date "2013.??.??"]
[Round "1.14"]
[White "Niecko, Stanislaw"]
[Black "Kondrusik, Aleksander"]
[Result "0-1"]
[WhiteElo "1817"]
[BlackElo "1530"]
[PlyCount "68"]
[EventDate "2013.??.??"]

1. c4 e6 2. Nc3 Nf6 3. g3 d5 4. d4 Be7 5. Bg2 b6 6. Nf3 c6 7. O-O O-O 8. Qa4
Bb7 9. Rd1 dxc4 10. Qxc4 b5 11. Qb3 Qb6 12. e4 Rd8 13. Be3 Na6 14. Rac1 Ng4 15.
Bf4 Rac8 16. h3 Nf6 17. Be3 Qa5 18. a3 Nb8 19. Ne5 a6 20. f4 Nfd7 21. f5 Nf8
22. Nxf7 Kxf7 23. Rf1 Kg8 24. e5 Qb6 25. Ne4 Rd5 26. f6 gxf6 27. Rxf6 c5 28.
Qd1 Bxf6 29. Nxf6+ Kh8 30. Qg4 Ng6 31. Be4 Nd7 32. Nxh7 Ndxe5 33. Qh5 Nf3+ 34.
Bxf3 Rxh5 0-1

[Event "Integracyjny Turniej FIANCHETTO"]
[Site "Jastrzebia Gora"]
[Date "2013.??.??"]
[Round "1.15"]
[White "Tomczyk, Ryszard"]
[Black "Schils, Heinz"]
[Result "0-1"]
[WhiteElo "1459"]
[BlackElo "1811"]
[PlyCount "118"]
[EventDate "2013.??.??"]

1. e4 c6 2. d4 d5 3. Nc3 dxe4 4. Nxe4 Nd7 5. Bc4 Ngf6 6. Ng5 e6 7. Qf3 Nb6 8.
Qd3 h6 9. N5f3 Nxc4 10. Qxc4 Bd6 11. Ne2 Qc7 12. h3 O-O 13. a3 a5 14. O-O b6
15. Re1 Ba6 16. Qc3 b5 17. Qd2 Rfd8 18. c3 c5 19. Qc2 c4 20. Kf1 Bb7 21. Neg1
Bh2 22. Ne5 Bxe5 23. Rxe5 Qc6 24. f3 Rd5 25. Bf4 Nd7 26. Rxd5 Qxd5 27. Re1 Rc8
28. Qe4 Nf6 29. Qxd5 Nxd5 30. Bd2 Ne7 31. Ne2 Nf5 32. Kf2 Rd8 33. Ng3 Ne7 34.
Ne4 Bxe4 35. Rxe4 Nc6 36. Bf4 Rd5 37. Bc7 b4 38. a4 Rd7 39. Bf4 bxc3 40. bxc3
Ne7 41. Re2 Rb7 42. Rc2 Nd5 43. Bc1 Rb3 44. Bb2 Nb6 45. Ba1 Nxa4 46. Ra2 Nxc3
47. Rxa5 Nd5 48. Ke1 Rd3 49. Ra2 c3 50. Rc2 f5 51. h4 f4 52. Ke2 Re3+ 53. Kd1
Kf7 54. Rc1 Kg6 55. Rb1 Rd3+ 56. Ke1 Rxd4 57. Rb3 Rd3 58. Ra3 Rd2 59. Bxc3 Rxg2
0-1

[Event "Integracyjny Turniej FIANCHETTO"]
[Site "Jastrzebia Gora"]
[Date "2013.??.??"]
[Round "1.16"]
[White "Witusik, Jerzy"]
[Black "Jurkiewicz, Kazimierz"]
[Result "1-0"]
[WhiteElo "1807"]
[BlackElo "1437"]
[PlyCount "51"]
[EventDate "2013.??.??"]

1. e4 c6 2. d4 d5 3. e5 e6 4. Nf3 b6 5. Bd3 Ba6 6. O-O c5 7. c3 Bxd3 8. Qxd3 c4
9. Qc2 b5 10. a4 b4 11. cxb4 Bxb4 12. b3 cxb3 13. Qxb3 a5 14. Ba3 Nc6 15. Nc3
Nge7 16. Nb5 O-O 17. Rac1 Qb6 18. Rfd1 f5 19. Ng5 Bxa3 20. Qxa3 Nb4 21. Nd6 g6
22. Nxe6 Rfb8 23. Nc5 Ra7 24. Qe3 Nbc6 25. Nb5 Raa8 26. Nd7 {(...44)} 1-0

[Event "Integracyjny Turniej FIANCHETTO"]
[Site "Jastrzebia Gora"]
[Date "2013.??.??"]
[Round "1.17"]
[White "Panczuk, Boleslaw"]
[Black "Rogalski, Krzysztof"]
[Result "0-1"]
[WhiteElo "1436"]
[BlackElo "1805"]
[PlyCount "52"]
[EventDate "2013.??.??"]

1. d4 Nf6 2. c4 e6 3. Nc3 Bb4 4. Nf3 b6 5. Bg5 Bb7 6. e3 O-O 7. Bd3 c5 8. O-O
cxd4 9. exd4 d5 10. cxd5 exd5 11. Re1 Nbd7 12. Qc2 h6 13. Bf4 Rc8 14. Qd2 Ne4
15. Bxe4 dxe4 16. Ne5 Nxe5 17. Bxe5 f6 18. Bf4 g5 19. Bg3 f5 20. Be5 Re8 21.
Re3 Rxe5 22. Qe2 Qxd4 23. Qh5 Qd6 24. Rd1 Qf6 25. Rd7 Re7 26. Rxe7 Bxe7 0-1

[Event "Integracyjny Turniej FIANCHETTO"]
[Site "Jastrzebia Gora"]
[Date "2013.??.??"]
[Round "1.18"]
[White "Mirski, Jerzy"]
[Black "Ostrowski, Michal"]
[Result "1-0"]
[WhiteElo "1801"]
[BlackElo "1431"]
[PlyCount "51"]
[EventDate "2013.??.??"]

1. e4 Nc6 2. d4 e5 3. d5 Nce7 4. c4 Ng6 5. Nf3 Bc5 6. Bg5 Nf6 7. Nc3 d6 8. Be2
a6 9. O-O Bd7 10. a3 h6 11. Bc1 O-O 12. b4 Ba7 13. a4 Bg4 14. Qd3 Nh5 15. Be3
Nhf4 16. Qd2 c6 17. Bd1 Qf6 18. Ne1 Bxd1 19. Rxd1 Nh4 20. Ne2 Nxe2+ 21. Qxe2 g5
22. Qh5 Qg6 23. Qg4 f5 24. exf5 Nxf5 25. Qe4 Rf6 26. Nc2 1-0

[Event "Integracyjny Turniej FIANCHETTO"]
[Site "Jastrzebia Gora"]
[Date "2013.??.??"]
[Round "1.19"]
[White "Pilecki, Jozef"]
[Black "Grabczynski, Zdzislaw"]
[Result "0-1"]
[WhiteElo "1399"]
[BlackElo "1797"]
[PlyCount "83"]
[EventDate "2013.??.??"]

1. e4 d6 2. Nf3 g6 3. d4 Bg7 4. c3 Nf6 5. Bd3 Nbd7 6. O-O c5 7. d5 a6 8. c4 O-O
9. Nc3 Ng4 10. Bd2 Nge5 11. Nxe5 Nxe5 12. Bc2 Nxc4 13. Rb1 Nxd2 14. Qxd2 b5 15.
a3 Bd7 16. b3 a5 17. Ne2 b4 18. a4 Rc8 19. Bd3 f5 20. f3 Qb6 21. Kh1 e5 22. f4
Bh6 23. Qd1 exf4 24. Nxf4 fxe4 25. Bxe4 Bxf4 26. g3 Be5 27. Qd3 Kg7 28. Rxf8
Rxf8 29. Rf1 Qd8 30. Bg2 Rxf1+ 31. Qxf1 Qf6 32. Qa6 Qf2 33. Qc4 Qe1+ 34. Qf1
Qxf1+ 35. Bxf1 Bf5 36. Bc4 Bd4 37. Kg2 Kf6 38. Kf3 Ke5 39. g4 Be4+ 40. Kg3 Bxd5
41. Bxd5 Kxd5 42. Kf4 0-1

[Event "Integracyjny Turniej FIANCHETTO"]
[Site "Jastrzebia Gora"]
[Date "2013.??.??"]
[Round "1.20"]
[White "Szydlowski, Wiktor"]
[Black "Grabarczyk, Edmund"]
[Result "1-0"]
[WhiteElo "1792"]
[BlackElo "1394"]
[PlyCount "25"]
[EventDate "2013.??.??"]

1. e4 c5 2. Nf3 Nc6 3. Bb5 Qb6 4. Nc3 d6 5. Nd5 Qa5 6. O-O Bd7 7. d4 e6 8. Nc3
Nf6 9. d5 exd5 10. exd5 Ne5 11. Nxe5 Bxb5 12. Bd2 Qc7 13. Nxb5 {(...28)} 1-0

[Event "Integracyjny Turniej FIANCHETTO"]
[Site "Jastrzebia Gora"]
[Date "2013.??.??"]
[Round "1.21"]
[White "Jagiello, Adolf"]
[Black "Salamon, Jan"]
[Result "0-1"]
[WhiteElo "1386"]
[BlackElo "1788"]
[PlyCount "33"]
[EventDate "2013.??.??"]

1. e4 c5 2. c3 d5 3. exd5 Qxd5 4. d4 Nf6 5. Nf3 e6 6. Be2 Qd8 7. Bf4 a6 8. Nbd2
cxd4 9. Nxd4 Be7 10. O-O O-O 11. Bg3 Nbd7 12. b4 Nd5 13. Qb3 N7f6 14. a3 Bd6
15. Bc4 Bxg3 16. fxg3 Qc7 17. Nc2 {(...27)} 0-1

[Event "Integracyjny Turniej FIANCHETTO"]
[Site "Jastrzebia Gora"]
[Date "2013.??.??"]
[Round "1.22"]
[White "Olszewski, Jerzy"]
[Black "Przybylak, Gabriela"]
[Result "1-0"]
[WhiteElo "1778"]
[BlackElo "1376"]
[PlyCount "61"]
[EventDate "2013.??.??"]

1. e4 c5 2. g3 Nc6 3. Bg2 e6 4. c4 h6 5. Nc3 a6 6. Nge2 g6 7. O-O Bg7 8. d3 d6
9. Be3 e5 10. Qd2 Nf6 11. h3 Bd7 12. Kh2 Nh5 13. f4 Nd4 14. Rf2 Rb8 15. Raf1
Be6 16. b3 b5 17. f5 gxf5 18. exf5 Bd7 19. Nd5 Nf6 20. Nxf6+ Qxf6 21. Nc3 Qd8
22. Ne4 Bc6 23. Bxd4 Bxe4 24. Bxe4 cxd4 25. f6 Bf8 26. Bc6+ Qd7 27. Bxd7+ Kxd7
28. Qa5 bxc4 29. Qa4+ Kd8 30. Qxc4 Rh7 31. Rc1 1-0

[Event "Integracyjny Turniej FIANCHETTO"]
[Site "Jastrzebia Gora"]
[Date "2013.??.??"]
[Round "1.23"]
[White "Budnik, Kazimierz"]
[Black "Zieba, Teofil"]
[Result "0-1"]
[WhiteElo "1326"]
[BlackElo "1767"]
[PlyCount "94"]
[EventDate "2013.??.??"]

1. e4 c5 2. Nf3 d6 3. Bc4 Nf6 4. d3 e6 5. Bg5 Be7 6. O-O Nc6 7. a3 O-O 8. Re1
Nd7 9. Be3 Nde5 10. Nxe5 Nxe5 11. Ba2 Bf6 12. c3 Ng6 13. d4 b6 14. Qd2 Bb7 15.
d5 e5 16. b4 Bc8 17. f4 exf4 18. Bxf4 Nxf4 19. Qxf4 Be5 20. Qf3 Bxh2+ 21. Kf1
Qh4 22. Nd2 Bg3 23. Reb1 Be5 24. Rc1 Bf4 25. Qd3 Bxd2 26. Qxd2 Qxe4 27. Re1 Qh4
28. Qf2 Ba6+ 29. Kg1 Qxf2+ 30. Kxf2 Rfe8 31. c4 Kf8 32. b5 Bb7 33. Rh1 h6 34.
Bb1 Re5 35. g4 Rae8 36. Bd3 Bc8 37. Bf5 Bxf5 38. gxf5 Rxf5+ 39. Kg3 Re4 40.
Rac1 Rff4 41. Rc3 Rxc4 42. Rhc1 Rxc3+ 43. Rxc3 Rd4 44. Kf3 Rxd5 45. a4 Rd4 46.
Ra3 Rb4 47. Ke3 g5 0-1

[Event "Integracyjny Turniej FIANCHETTO"]
[Site "Jastrzebia Gora"]
[Date "2013.??.??"]
[Round "1.24"]
[White "Serbinowski, Mieczyslaw"]
[Black "Szynwelski, Ryszard"]
[Result "0-1"]
[WhiteElo "1766"]
[BlackElo "1320"]
[PlyCount "37"]
[EventDate "2013.??.??"]

1. d4 d5 2. c4 e6 3. Nc3 c5 4. Nf3 Nc6 5. e3 Nf6 6. Ne5 cxd4 7. exd4 Qa5 8.
Nxc6 bxc6 9. a3 Be7 10. Bd2 O-O 11. Nxd5 Qd8 12. Nxe7+ Qxe7 13. Bd3 Rd8 14. Bc3
Rb8 15. Bb4 Qb7 16. O-O Nd7 17. Bd6 Ra8 18. b4 Qb6 19. c5 {(...58)} 0-1

[Event "Integracyjny Turniej FIANCHETTO"]
[Site "Jastrzebia Gora"]
[Date "2013.??.??"]
[Round "1.25"]
[White "Czarkowski, Jan"]
[Black "Jackowski, Ryszard"]
[Result "0-1"]
[WhiteElo "1289"]
[BlackElo "1764"]
[PlyCount "54"]
[EventDate "2013.??.??"]

1. e4 g6 2. Nc3 Bg7 3. Nf3 d6 4. Bb5+ c6 5. Bc4 Nf6 6. O-O O-O 7. d4 Bg4 8. Qd3
Nbd7 9. e5 Ne8 10. exd6 Nxd6 11. Nd2 Bf5 12. Qf3 Bxc2 13. b3 Nb6 14. Bd3 Bxd3
15. Qxd3 Nd5 16. Bb2 Nb4 17. Qf3 Bxd4 18. a3 Na6 19. Rab1 Bg7 20. Rfd1 Qc7 21.
Ne2 Bxb2 22. Rxb2 Nc5 23. Rc1 Ne6 24. Qg3 Qa5 25. Ra1 Rad8 26. b4 Qb5 27. a4
Qxe2 0-1

[Event "Integracyjny Turniej FIANCHETTO"]
[Site "Jastrzebia Gora"]
[Date "2013.??.??"]
[Round "1.26"]
[White "Wysocki, Mieczyslaw"]
[Black "Krupecka-czarkowska, Danuta"]
[Result "1-0"]
[WhiteElo "1762"]
[BlackElo "1233"]
[PlyCount "57"]
[EventDate "2013.??.??"]

1. e4 e5 2. Nf3 Nc6 3. d4 f6 4. Bc4 exd4 5. Nxd4 Ne5 6. Bb3 c5 7. Nf5 c4 8. Ba4
Qa5+ 9. Nc3 a6 10. O-O b5 11. Qd5 Rb8 12. f4 Bb7 13. Nd6+ Bxd6 14. Qxd6 Nf7 15.
Qxb8+ Nd8 16. Nd5 bxa4 17. Nc7+ Ke7 18. Be3 Nh6 19. Nd5+ Ke6 20. f5+ Kf7 21.
Bb6 Qb5 22. Bxd8 Qc5+ 23. Kh1 Bxd5 24. exd5 Nxf5 25. Rxf5 Kg6 26. Raf1 Re8 27.
Qg3+ Kf7 28. Rxf6+ gxf6 29. Rxf6# 1-0

[Event "Integracyjny Turniej FIANCHETTO"]
[Site "Jastrzebia Gora"]
[Date "2013.??.??"]
[Round "2.1"]
[White "Kiedrowicz, Jan"]
[Black "Grabczynski, Zdzislaw"]
[Result "1-0"]
[WhiteElo "2312"]
[BlackElo "1797"]
[PlyCount "51"]
[EventDate "2013.??.??"]

1. Nf3 Nf6 2. c4 g6 3. Nc3 Bg7 4. e4 d6 5. d4 c6 6. h3 O-O 7. Bg5 a6 8. Be2 Qc7
9. O-O Re8 10. a3 e5 11. d5 c5 12. Nd2 h6 13. Be3 g5 14. b4 b6 15. Rb1 a5 16.
bxc5 bxc5 17. Qb3 Nbd7 18. Qa4 Ba6 19. Qc6 Rec8 20. Qxc7 Rxc7 21. Rb3 Rcc8 22.
Rfb1 Rab8 23. Rxb8 Rxb8 24. Rxb8+ Nxb8 25. Nb3 Nbd7 26. Nxa5 1-0

[Event "Integracyjny Turniej FIANCHETTO"]
[Site "Jastrzebia Gora"]
[Date "2013.??.??"]
[Round "2.2"]
[White "Salamon, Jan"]
[Black "Kaukiel, Piotr"]
[Result "0-1"]
[WhiteElo "1788"]
[BlackElo "2211"]
[PlyCount "54"]
[EventDate "2013.??.??"]

1. d4 Nf6 2. Nf3 g6 3. c3 Bg7 4. Nbd2 O-O 5. e4 d6 6. Be2 c5 7. dxc5 dxc5 8.
O-O Nc6 9. Qc2 b6 10. Rb1 Bb7 11. Re1 Qc7 12. Bf1 Rad8 13. g3 Ng4 14. Bh3 h5
15. Nf1 Nce5 16. Nxe5 Nxe5 17. Bg2 Nd3 18. Re2 c4 19. Bd2 f5 20. exf5 Bxg2 21.
Kxg2 Rxf5 22. Be3 Qc6+ 23. Kg1 Ne5 24. Nd2 Rxd2 25. Rxd2 Nf3+ 26. Kf1 Nxd2+ 27.
Qxd2 Qh1+ 0-1

[Event "Integracyjny Turniej FIANCHETTO"]
[Site "Jastrzebia Gora"]
[Date "2013.??.??"]
[Round "2.3"]
[White "Bakalarz, Leszek"]
[Black "Szydlowski, Wiktor"]
[Result "1-0"]
[WhiteElo "2148"]
[BlackElo "1792"]
[PlyCount "59"]
[EventDate "2013.??.??"]

1. e4 e5 2. Nf3 Nc6 3. Bc4 Nf6 4. Ng5 Bc5 5. Bxf7+ Ke7 6. Bd5 Rf8 7. O-O d6 8.
h3 Qe8 9. c3 Qg6 10. d4 Bb6 11. Kh2 h6 12. Nf3 12... Qh5 $11 13. dxe5 dxe5 14.
Nbd2 Bd7 15. b4 a6 16. Ba3 Kd8 17. b5 Ne7 18. Bxb7 Rb8 19. bxa6 Ke8 20. Rb1 Ba7
21. Nc4 Ng4+ 22. Kg1 Nxf2 23. Rxf2 Bxh3 24. Ncxe5 Bxf2+ 25. Kxf2 Qxe5 26. a7
Rd8 27. Qxd8+ Kxd8 28. a8=Q+ Bc8 29. Rd1+ Ke8 30. Bc6+ 1-0

[Event "Integracyjny Turniej FIANCHETTO"]
[Site "Jastrzebia Gora"]
[Date "2013.??.??"]
[Round "2.4"]
[White "Zieba, Teofil"]
[Black "Pioch, Zygmunt"]
[Result "0-1"]
[WhiteElo "1767"]
[BlackElo "2086"]
[PlyCount "78"]
[EventDate "2013.??.??"]

1. e4 e5 2. Nf3 Nc6 3. Bb5 a6 4. Ba4 Nf6 5. O-O Be7 6. Re1 b5 7. Bb3 d6 8. c3
O-O 9. d4 Bg4 10. d5 Na5 11. Bc2 c6 12. dxc6 Qc7 13. Nbd2 Nxc6 14. Nf1 Rac8 15.
Ng3 h6 16. h3 Be6 17. Bb3 Kh7 18. Bc2 Rfe8 19. Nh4 g6 20. Qd2 Bf8 21. f4 exf4
22. Qxf4 Ng8 23. Nf3 Ne5 24. Nd4 Bg7 25. Rf1 Bc4 26. Rf2 f6 27. Kh1 Nd3 28.
Bxd3 Bxd3 29. Qf3 Bc4 30. Bf4 Bf7 31. a3 Qc5 32. Rd1 d5 33. e5 fxe5 34. Bxe5
Rxe5 35. Qxf7 Rf8 36. Qxf8 Bxf8 37. Rf7+ Bg7 38. Rdf1 Qd6 39. Ndf5 Rxf5 0-1

[Event "Integracyjny Turniej FIANCHETTO"]
[Site "Jastrzebia Gora"]
[Date "2013.??.??"]
[Round "2.5"]
[White "Wojcieszyn, Zdzislaw"]
[Black "Olszewski, Jerzy"]
[Result "1-0"]
[WhiteElo "2005"]
[BlackElo "1778"]
[PlyCount "61"]
[EventDate "2013.??.??"]

1. Nf3 c5 2. e4 Nc6 3. Nc3 g6 4. Bc4 d6 5. d4 cxd4 6. Nxd4 Bg7 7. Be3 Nf6 8. f3
Bd7 9. Qd2 O-O 10. Nxc6 Bxc6 11. g4 a6 12. Bb3 Nd7 13. O-O-O Nc5 14. Bd5 Qa5
15. Bd4 Qc7 16. h4 h6 17. Bxg7 Kxg7 18. f4 Rad8 19. h5 e6 20. Bxc6 Qxc6 21.
Qd4+ f6 22. hxg6 Kxg6 23. f5+ Kg7 24. Rh2 Rh8 25. Rdh1 Rh7 26. g5 e5 27. gxf6+
Kxf6 28. Rxh6+ Rxh6 29. Rxh6+ Kf7 30. Qc4+ Kg7 31. Rg6+ 1-0

[Event "Integracyjny Turniej FIANCHETTO"]
[Site "Jastrzebia Gora"]
[Date "2013.??.??"]
[Round "2.6"]
[White "Jackowski, Ryszard"]
[Black "Szczepaniec, Stanislaw"]
[Result "0-1"]
[WhiteElo "1764"]
[BlackElo "1987"]
[PlyCount "92"]
[EventDate "2013.??.??"]

1. e4 c5 2. Nf3 Nc6 3. d4 cxd4 4. Nxd4 g6 5. Nc3 Bg7 6. Be3 Nf6 7. f3 O-O 8.
Qd2 d5 9. exd5 Nxd5 10. Nxd5 Qxd5 11. Nxc6 Qxc6 12. O-O-O Be6 13. Qa5 b6 14.
Qa3 f5 15. Bd3 Bf7 16. Kb1 a5 17. c4 Bxc4 18. Rc1 Bxd3+ 19. Qxd3 Qf6 20. Qb3+
Kh8 21. Rhd1 Rab8 22. Qb5 Qe5 23. Qxe5 Bxe5 24. h3 Rb7 25. Rc6 b5 26. b3 a4 27.
Rd5 Bd6 28. Bd4+ Kg8 29. Rb6 Rxb6 30. Bxb6 axb3 31. axb3 Rb8 32. Be3 Kf7 33.
Kc2 Ke6 34. Rd3 Rc8+ 35. Kb2 Be5+ 36. Bd4 Rd8 37. Kc3 g5 38. g4 f4 39. Bxe5
Rxd3+ 40. Kxd3 Kxe5 41. Kc3 Kd5 42. Kb4 Kc6 43. Kc3 Kc5 44. b4+ Kd5 45. Kd3 e5
46. Kc3 e4 0-1

[Event "Integracyjny Turniej FIANCHETTO"]
[Site "Jastrzebia Gora"]
[Date "2013.??.??"]
[Round "2.7"]
[White "Krawcewicz, Lucyna"]
[Black "Wysocki, Mieczyslaw"]
[Result "1-0"]
[WhiteElo "1935"]
[BlackElo "1762"]
[PlyCount "69"]
[EventDate "2013.??.??"]

1. d4 f5 2. e4 d6 3. Nc3 Nf6 4. Bd3 Nc6 5. d5 fxe4 6. Bxe4 Ne5 7. Bf4 Nxe4 8.
Bxe5 Nf6 9. Bg3 g6 10. Nge2 Bg7 11. f3 O-O 12. Qd2 e5 13. dxe6 Bxe6 14. O-O Nh5
15. Bf2 Qe8 16. Nd4 Bd7 17. Rfe1 Qf7 18. Be3 Be5 19. Nde2 Bc6 20. Nd4 Bd7 21.
Ne4 Nf4 22. c3 c5 23. Nc2 Nd5 24. Ng5 Qf5 25. Qxd5+ Kg7 26. Qd2 Bc6 27. Rf1
Rae8 28. Ne4 Qh5 29. Ng3 Bxg3 30. hxg3 Re5 31. g4 Qh4 32. Qf2 Qe7 33. Rfe1 Bd7
34. Qd2 Qf6 35. Bh6+ 1-0